000 00292nam a22001337a 4500
008 170809b xxu||||| |||| 00| 0 eng d
020 _a9780538729802
041 _aeng
080 _a004
100 _a35
101 _aSHKI
245 _aKEYBOARDING & FORMATTING
_cVANHUSS
942 _2udc
_cBK
999 _c22970
_d22970